000 00528nam a22001817a 4500
003 OSt
005 20250506164559.0
008 250429b |||||||| |||| 00| 0 eng d
020 _a9780719064685
040 _cRDA
100 _aMETCALFE,STAN.,
_eAUTHOR
_9753413
245 _aMARKET RELATIONS AND THE COMPETITIVE PROCESS
_cBy Stan Metcalfe and Alan Warde
260 _aNEW YORK
_bMANCHESTER UNIVERSITY PRESS
_c2002
300 _a214P
650 _2RELATIONS
700 _aWARDE,ALAN.,
_eEDITOR
_9753414
942 _2CC
_cGB
_n0
999 _c1309742
_d1309742